Fruit or Vegetable #1 - Statistics

General Stats
  • This quiz has been taken 40 times
  • The average score is 19 of 28
Answer Stats
Hint Answer % Correct
Orange Fruit
92%
Apple Fruit
89%
Mango Fruit
86%
Coconut Fruit
83%
Yellow carrot Vegetable
83%
Lettuce
Vegetable
83%
Asparagus Vegetable
83%
Barbados Cherry Fruit
78%
Corn Vegetable
78%
Celery Vegetable
78%
Zucchini Vegetable
78%
Pitaya Fruit
75%
Beetroot Vegetable
72%
Durian Fruit
69%
Avocado Fruit
69%
Artichoke Vegetable
69%
Mangosteen Fruit
64%
Kiwano Fruit
64%
Cucumber Vegetable
64%
Bell peppers Vegetable
64%
Cherimoya Fruit
58%
Buddha’s Hand Fruit
53%
Ackee Fruit
50%
Achacha Fruit
42%
Galanga Vegetable
42%
Salak Fruit
39%
Mangetout Vegetable
25%
Cherry tomato Vegetable
22%
No matching quizzes found
Score Distribution
Percent of People with Each Score
Percentile by Number Answered
Your Score History
You have not taken this quiz